Carry On Film Actors - Sudden Death - Statistics

General Stats
  • This quiz has been taken 82 times
  • The average score is 14 of 21
Answers on the Grid
Answers color-coded by a green-red scale on the quiz's grid according to % correct below.
Joan Sims
Rik Mayall
Phil Silvers
Harry H. Corbett
Ted Ray
Hattie Jacques
Maureen Lipman
Elke Sommer
Tommy Cooper
Jim Dale
Bob Monkhouse
Dora Bryan
Frankie Howerd
Julian Holloway
Jayne Mansfield
Kenneth Connor
Jack Douglas
Diana Dors
June Whitfield
Buddy Ebsen
Windsor Davies
Julian Clary
Eric Sykes
Burt Kwouk
Woody Allen
Julie Walters
William Hartnell
Norman Wisdom
Shirley Eaton
Harry Worth
 
Answer Stats
Answer % Correct
Joan Sims
96%
Hattie Jacques
91%
Jim Dale
89%
Kenneth Connor
87%
Frankie Howerd
85%
June Whitfield
83%
Harry H. Corbett
81%
Bob Monkhouse
74%
Phil Silvers
74%
Jack Douglas
72%
Julian Clary
64%
Windsor Davies
60%
Elke Sommer
55%
Shirley Eaton
55%
Julian Holloway
53%
Dora Bryan
51%
Rik Mayall
47%
Ted Ray
47%
Maureen Lipman
45%
William Hartnell
40%
Burt Kwouk
19%
No matching quizzes found
Score Distribution
Percent of People with Each Score
Percentile by Number Answered
Your Score History
You have not taken this quiz